LEADER 00948nam0-2200253 --450 001 9910916397703321 005 20241216174403.0 100 $a20241216d1932----kmuy0itay5050 ba 101 0 $ager 102 $aDE 105 $a 001yy 200 1 $a<>Kationen- und Wasserhaushalt des Mineralbodens vom Standpunkt der physikalischen Chemie und seine Bedeutung für die land- und forstwirtschaftliche Praxis$fvon P. Vageler 210 $aBerlin$cJ. Springer$d1932 215 $a336 p.$d26 cm 610 0 $aPedologia 676 $a631.41$v23$zita 700 1$aVageler,$bPaul Wilhelm Eduard$015913 801 0$aIT$bUNINA$gREICAT$2UNIMARC 901 $aBK 912 $a9910916397703321 952 $aA CHI 514$b15742/2024$fFAGBC 959 $aFAGBC 996 $aKationen- und Wasserhaushalt des Mineralbodens vom Standpunkt der physikalischen Chemie und seine Bedeutung für die land- und forstwirtschaftliche Praxis$94301929 997 $aUNINA